[Event "Stay Safe Play From Home 300"]
[Site "Emanuel Lasker Arena"]
[Date "2020.07.13"]
[Round "7"]
[White "Sfantul321"]
[Black "Mepe_Nika"]
[Result "0-1"]
[WhiteElo "2041"]
[BlackElo "2406"]
[Annotator "NA RC"]
[PlyCount "118"]
[EventDate "2020.07.13"]
[EventType "swiss (blitz)"]

1. c4 {[%emt 0:00:03]} c6 {[%emt 0:00:01]} 2. Nc3 {[%emt 0:00:01]} d5 {[%emt 0:00:00]} 3. cxd5 {[%emt 0:00:00]} cxd5 {[%emt 0:00:00]} 4. d4 {[%emt 0:00:00]} Nf6 {[%emt 0:00:00]} 5. Nf3 {[%emt 0:00:01]} Nc6 {[%emt 0:00:00]} 6. Bf4 {[%emt 0:00:01]} a6 {[%emt 0:00:00]} 7. a3 {[%emt 0:00:01]} Bf5 {[%emt 0:00:02]} 8. e3 {[%emt 0:00:01]} e6 {[%emt 0:00:02]} 9. Bd3 {[%emt 0:00:01]} Bxd3 {[%emt 0:00:01]} 10. Qxd3 {[%emt 0:00:01]} Be7 {[%emt 0:00:00]} 11. h3 {[%emt 0:00:01]} O-O {[%emt 0:00:01]} 12. O-O {[%emt 0:00:01]} Rc8 {[%emt 0:00:00]} 13. Rac1 {[%emt 0:00:01]} Na5 {[%emt 0:00:02]} 14. Ne5 {[%emt 0:00:01]} Nc4 {[%emt 0:00:02]} 15. Nxc4 {[%emt 0:00:01]} dxc4 {[%emt 0:00:00]} 16. Qc2 {[%emt 0:00:03]} Nd5 {[%emt 0:00:01]} 17. Nxd5 {[%emt 0:00:02]} exd5 {[%emt 0:00:00]} 18. e4 {[%emt 0:00:02]} b5 {[%emt 0:00:03]} 19. e5 {[%emt 0:00:05]} Rc6 {[%emt 0:00:01]} 20. Rce1 {[%emt 0:00:02]} Rg6 {[%emt 0:00:01]} 21. Bg3 {[%emt 0:00:01]} Qd7 {[%emt 0:00:01]} 22. Kh2 {[%emt 0:00:02]} a5 {[%emt 0:00:01]} 23. f4 {[%emt 0:00:03]} f5 {[%emt 0:00:04]} 24. Qd2 {[%emt 0:00:08]} b4 {[%emt 0:00:02]} 25. axb4 {[%emt 0:00:01]} axb4 {[%emt 0:00:00]} 26. Ra1 {[%emt 0:00:01]} Rc8 {[%emt 0:00:02]} 27. Rfc1 {[%emt 0:00:02]} Rgc6 {[%emt 0:00:04]} 28. Be1 {[%emt 0:00:05]} h6 {[%emt 0:00:16]} 29. Ra5 {[%emt 0:00:02]} c3 {[%emt 0:00:12]} 30. bxc3 {[%emt 0:00:02]} bxc3 {[%emt 0:00:00]} 31. Qa2 {[%emt 0:00:06]} Rc4 {[%emt 0:00:06]} 32. Ra7 {[%emt 0:00:11]} Qe6 {[%emt 0:00:08]} 33. Ra6 {[%emt 0:00:02]} Qf7 {[%emt 0:00:04]} 34. Qa5 {[%emt 0:00:03]} c2 {[%emt 0:00:05]} 35. e6 {[%emt 0:00:02]} Qf6 {[%emt 0:00:09]} 36. Qxd5 {[%emt 0:00:02]} Qxd4 {[%emt 0:00:06]} 37. Qxf5 {[%emt 0:00:12]} Qxf4+ {[%emt 0:00:05]} 38. Qxf4 {[%emt 0:00:01]} Rxf4 {[%emt 0:00:00]} 39. Ra2 {[%emt 0:00:06]} Rfc4 {[%emt 0:00:03]} 40. Bd2 {[%emt 0:00:03]} g5 {[%emt 0:00:07]} 41. Ra7 {[%emt 0:00:09]} Bd6+ {[%emt 0:00:08]} 42. g3 {[%emt 0:00:04]} Rd4 {[%emt 0:00:03]} 43. Be3 {[%emt 0:00:12]} Rd3 {[%emt 0:00:01]} 44. Bf2 {[%emt 0:00:06]} Rd2 {[%emt 0:00:03]} 45. Rd7 {[%emt 0:00:06]} Rxf2+ {[%emt 0:00:02]} 46. Kg1 {[%emt 0:00:01]} Bxg3 {[%emt 0:00:12]} 47. e7 {[%emt 0:00:01]} Re8 {[%emt 0:00:00]} 48. Rd8 {[%emt 0:00:14]} Kf7 {[%emt 0:00:02]} 49. Rd3 {[%emt 0:00:06]} Bf4 {[%emt 0:00:04]} 50. Kxf2 {[%emt 0:00:11]} Bxc1 {[%emt 0:00:01]} 51. Rc3 {[%emt 0:00:01]} Rxe7 {[%emt 0:00:04]} 52. Rxc2 {[%emt 0:00:01]} Bf4 {[%emt 0:00:02]} 53. Kf3 {[%emt 0:00:01]} Re3+ {[%emt 0:00:03]} 54. Kg4 {[%emt 0:00:00]} Rg3+ {[%emt 0:00:03]} 55. Kf5 {[%emt 0:00:00]} Rxh3 {[%emt 0:00:02]} 56. Rc6 {[%emt 0:00:00]} Rd3 {[%emt 0:00:05]} 57. Ra6 {[%emt 0:00:01]} Rd5+ {[%emt 0:00:02]} 58. Kg4 {[%emt 0:00:00]} Rd6 {[%emt 0:00:00]} 59. Kh5 {[%emt 0:00:02]} Rxa6 {[%emt 0:00:02] Time (Lag: Av=0.33s, max=0.6s)} 0-1

[Event "Stay Safe Play From Home 300"]
[Site "Emanuel Lasker Arena"]
[Date "2020.07.13"]
[Round "7"]
[White "Weltszmerc"]
[Black "Haris kollari 13"]
[Result "1-0"]
[WhiteElo "1988"]
[BlackElo "1925"]
[Annotator "NA RC"]
[PlyCount "139"]
[EventDate "2020.07.13"]
[EventType "swiss (blitz)"]

1. d4 {[%emt 0:00:01]} e6 {[%emt 0:00:01]} 2. c4 {[%emt 0:00:00]} d5 {[%emt 0:00:01]} 3. Nf3 {[%emt 0:00:00]} c6 {[%emt 0:00:01]} 4. g3 {[%emt 0:00:00]} f5 {[%emt 0:00:02]} 5. Bg2 {[%emt 0:00:00]} Nf6 {[%emt 0:00:01]} 6. O-O {[%emt 0:00:00]} h6 {[%emt 0:00:01]} 7. b3 {[%emt 0:00:07]} Bd6 {[%emt 0:00:01]} 8. Bb2 {[%emt 0:00:01]} Bd7 {[%emt 0:00:05]} 9. Ne5 {[%emt 0:00:01]} O-O {[%emt 0:00:03]} 10. Nxd7 {[%emt 0:00:01]} Nbxd7 {[%emt 0:00:02]} 11. Nd2 {[%emt 0:00:00]} Ne4 {[%emt 0:00:03]} 12. Nxe4 {[%emt 0:00:01]} fxe4 {[%emt 0:00:01]} 13. f3 {[%emt 0:00:00]} exf3 {[%emt 0:00:05]} 14. Bxf3 {[%emt 0:00:00]} Qg5 {[%emt 0:00:03]} 15. Qd3 {[%emt 0:00:03]} Rf6 {[%emt 0:00:03]} 16. Bg2 {[%emt 0:00:07]} Raf8 {[%emt 0:00:01]} 17. Rxf6 {[%emt 0:00:01]} Rxf6 {[%emt 0:00:01]} 18. Bc1 {[%emt 0:00:05]} Qf5 {[%emt 0:00:04]} 19. Qxf5 {[%emt 0:00:01]} Rxf5 {[%emt 0:00:01]} 20. Bd2 {[%emt 0:00:06]} Nf6 {[%emt 0:00:05]} 21. Bh3 {[%emt 0:00:04]} Rh5 {[%emt 0:00:04]} 22. Bxe6+ {[%emt 0:00:01]} Kf8 {[%emt 0:00:02]} 23. c5 {[%emt 0:00:01]} Bc7 {[%emt 0:00:03]} 24. Rf1 {[%emt 0:00:07]} Ke7 {[%emt 0:00:02]} 25. Bc8 {[%emt 0:00:01]} b6 {[%emt 0:00:01]} 26. b4 {[%emt 0:00:03]} a5 {[%emt 0:00:12]} 27. a3 {[%emt 0:00:01]} bxc5 {[%emt 0:00:01]} 28. bxc5 {[%emt 0:00:01]} a4 {[%emt 0:00:03]} 29. Kg2 {[%emt 0:00:01]} Ne4 {[%emt 0:00:07]} 30. Be1 {[%emt 0:00:03]} Rg5 {[%emt 0:00:03]} 31. Bb7 {[%emt 0:00:06]} Rg6 {[%emt 0:00:02]} 32. Rf3 {[%emt 0:00:09]} Re6 {[%emt 0:00:06]} 33. Ba6 {[%emt 0:00:11]} Ng5 {[%emt 0:00:07]} 34. Rc3 {[%emt 0:00:07]} Ne4 {[%emt 0:00:07]} 35. Rc2 {[%emt 0:00:01]} Kd7 {[%emt 0:00:02]} 36. Rb2 {[%emt 0:00:04]} Nf6 {[%emt 0:00:08]} 37. Rb7 {[%emt 0:00:02]} Ng4 {[%emt 0:00:03]} 38. Ba5 {[%emt 0:00:02]} Ne3+ {[%emt 0:00:05]} 39. Kf3 {[%emt 0:00:01]} Ke8 {[%emt 0:00:09]} 40. Rxc7 {[%emt 0:00:02]} Nf5 {[%emt 0:00:00]} 41. Rc8+ {[%emt 0:00:02]} Kf7 {[%emt 0:00:01]} 42. Rc7+ {[%emt 0:00:09]} Kf6 {[%emt 0:00:04]} 43. Bc8 {[%emt 0:00:10]} Nxd4+ {[%emt 0:00:02]} 44. Kf2 {[%emt 0:00:02]} Rxe2+ {[%emt 0:00:01]} 45. Kf1 {[%emt 0:00:00]} Rc2 {[%emt 0:00:06]} 46. Bb7 {[%emt 0:00:05]} Rxc5 {[%emt 0:00:03]} 47. Bb6 {[%emt 0:00:02]} Rc1+ {[%emt 0:00:02]} 48. Kf2 {[%emt 0:00:01]} Ke5 {[%emt 0:00:04]} 49. Bxd4+ {[%emt 0:00:02]} Kxd4 {[%emt 0:00:01]} 50. Rxc6 {[%emt 0:00:01]} Ra1 {[%emt 0:00:01]} 51. Rd6 {[%emt 0:00:03]} Ra2+ {[%emt 0:00:01]} 52. Kg1 {[%emt 0:00:01]} Ra1+ {[%emt 0:00:01]} 53. Kg2 {[%emt 0:00:01]} Ra2+ {[%emt 0:00:01]} 54. Kh3 {[%emt 0:00:00]} Rxa3 {[%emt 0:00:01]} 55. Rxd5+ {[%emt 0:00:00]} Ke3 {[%emt 0:00:01]} 56. Rd7 {[%emt 0:00:02]} g5 {[%emt 0:00:01]} 57. Kg4 {[%emt 0:00:01]} Ra2 {[%emt 0:00:01]} 58. h4 {[%emt 0:00:01]} gxh4 {[%emt 0:00:02]} 59. gxh4 {[%emt 0:00:00]} Rg2+ {[%emt 0:00:01]} 60. Kh5 {[%emt 0:00:01]} Rg8 {[%emt 0:00:02]} 61. Bc6 {[%emt 0:00:03]} a3 {[%emt 0:00:01]} 62. Ra7 {[%emt 0:00:01]} Rc8 {[%emt 0:00:02]} 63. Rxa3+ {[%emt 0:00:01]} Kf4 {[%emt 0:00:01]} 64. Ra6 {[%emt 0:00:01]} Ke5 {[%emt 0:00:01]} 65. Kxh6 {[%emt 0:00:02]} Kf6 {[%emt 0:00:01]} 66. Bd7+ {[%emt 0:00:02]} Ke7 {[%emt 0:00:01]} 67. Bxc8 {[%emt 0:00:01]} Kf7 {[%emt 0:00:00]} 68. Bf5 {[%emt 0:00:01]} Kf8 {[%emt 0:00:01]} 69. h5 {[%emt 0:00:00]} Kf7 {[%emt 0:00:01]} 70. Kg5 {[%emt 0:00:01] Time (Lag: Av=0.61s, max=1.2s)} 1-0

[Event "Stay Safe Play From Home 300"]
[Site "Emanuel Lasker Arena"]
[Date "2020.07.13"]
[Round "7"]
[White "Lazieri3"]
[Black "AChessPlayer"]
[Result "1/2-1/2"]
[WhiteElo "1984"]
[BlackElo "2321"]
[Annotator "TA"]
[PlyCount "120"]
[EventDate "2020.07.13"]
[EventType "swiss (blitz)"]

{[%evp 9,120,-2,-5,-18,52,-25,15,-7,0,0,15,-11,-9,-3,-7,-19,-7,-3,-3,-8,-5,-14,0,0,0,-53,-41,-37,-32,-33,-40,-38,-35,-48,-31,-50,-45,-100,-95,-66,-44,-87,-70,-89,-88,-86,-72,-82,0,-68,0,0,0,0,0,0,0,0,0,0,0,0,70,61,72,68,289,246,275,229,228,205,256,27,44,27,33,33,161,172,289,283,251,118,666,541,652,541,395,8,61,8,1917,2118,1735,8,8,8,8,8,8,8,8,0,0,0,0,0,0,0,0,0,0]} 1. e4 c5 2. Nc3 Nc6 3. Nf3 g6 4. d3 Bg7 5. Be3 d6 6. Qd2 {B30: Sicilian: 2...Nc6 3 Bb5, lines without ...g6.} Rb8 (6... e5 $11) 7. a4 {[#]} (7. d4 $14) 7... a6 $146 ({Predecessor:} 7... Nf6 8. Bh6 Bxh6 9. Qxh6 Nd4 10. Nxd4 cxd4 11. Nb5 Qb6 12. c3 a6 13. Nxd4 Qxb2 {½-½ (52) Schoewel,M (2211)-Lagunow,A (2421) Berlin 2017}) 8. Be2 b5 9. axb5 axb5 10. Nd1 Nf6 11. Bh6 O-O 12. h4 Bxh6 13. Qxh6 Ng4 14. Qd2 h5 15. Ne3 b4 16. Nxg4 Bxg4 17. c3 (17. Qh6 $11 Bxf3 18. Bxf3) 17... bxc3 18. bxc3 Qb6 19. O-O Qb2 {Strongly threatening ...Qxd2.} 20. Rfd1 Qxd2 21. Rxd2 Rb3 $36 {[%mdl 2048] Black has good play.} 22. Rc1 Rfb8 23. Ng5 (23. d4 $15) 23... Bxe2 24. Rxe2 Rb1 25. Rec2 Ne5 26. d4 Nd3 27. Rxb1 Rxb1+ $17 {[%mdl 4096] Endgame KRN-KRN} 28. Kh2 c4 (28... Ra1 $17) 29. Nf3 (29. Ra2 $11) 29... e6 ({Better is} 29... Ra1 $15) 30. Nd2 $11 Rb2 $1 {[%cal Rb2c2]} 31. Rxb2 Nxb2 {KN-KN} 32. d5 exd5 33. exd5 Kg7 34. f4 Kf6 35. Kg3 Kf5 (35... Nd1 $11) 36. Kf3 $14 {Threatens to win with Ne4.} Kf6 $1 37. Ke4 Nd1 $2 (37... Ke7 $1 $14) 38. Kd4 $18 ({Not} 38. Nxc4 Nxc3+ 39. Kd4 Nb5+ 40. Ke4 Nc3+ 41. Kd4 Nb5+ 42. Ke4 Nc3+ $11) 38... Ke7 39. Nxc4 Nf2 40. Ne3 Nh1 41. f5 $2 (41. Nf1 $1 $18) 41... Ng3 $1 $11 42. fxg6 fxg6 43. c4 {aiming for c5.} Ne2+ (43... Kf6 $1 $14) 44. Ke4 $1 $18 Nc3+ (44... Kf6 {was necessary.} 45. g4 Kf7 46. gxh5 Ng3+ 47. Kd4 Ne2+ 48. Ke4 Ng3+ 49. Kf3 Nxh5) 45. Kd3 Na4 46. g4 (46. Kd4 $18 {is more deadly.}) 46... Kf6 $2 {[%mdl 8192]} (46... hxg4 $16 47. Nxg4 Nc5+ 48. Ke3 Nb7) 47. gxh5 gxh5 48. Kd4 Nc5 49. Nd1 $2 (49. Nf1 $1 $18) 49... Kf5 $11 50. Nc3 (50. Nf2 $1 $14) 50... Kg4 $2 {[%mdl 8192]} (50... Kf4 $11) 51. Ne4 $18 Nb7 {[#]} 52. c5 $2 (52. Nxd6 $1 $18 {[%mdl 512]} Nxd6 53. c5 Nb5+ 54. Ke5) 52... dxc5+ $11 {The position is equal.} 53. Nxc5 Nd8 54. Ke5 Kxh4 55. Ne6 Nf7+ 56. Kf6 Nd6 57. Nf4 Kg4 58. Nxh5 Kxh5 59. Ke6 Nc4 60. d6 Nxd6 {Accuracy: White = 62%, Black = 63%.} 1/2-1/2

[Event "Stay Safe Play From Home 300"]
[Site "Emanuel Lasker Arena"]
[Date "2020.07.13"]
[Round "7"]
[White "Greblah"]
[Black "Timbre"]
[Result "1-0"]
[WhiteElo "1919"]
[BlackElo "1540"]
[Annotator "TA"]
[PlyCount "41"]
[EventDate "2020.07.13"]
[EventType "swiss (blitz)"]

{[%evp 12,41,27,21,15,14,31,-22,0,0,30,22,29,37,62,47,80,-1,56,54,71,28,71,0,0,0,0,10,809,805,774,779]} 1. e4 c6 2. d4 d5 3. exd5 cxd5 4. Bd3 Nc6 5. c3 Nf6 6. Ne2 Bg4 7. O-O e6 {B13: Caro-Kann: Exchange Variation and Panov-Botvinnik Attack.} 8. Qe1 {[#]} Be7 $146 ({Predecessor:} 8... Bd6 9. f3 Bh5 10. Nf4 Bg6 11. Qe2 Qc7 12. g3 Bxd3 13. Nxd3 h5 14. Bg5 O-O-O 15. b4 {0-1 (30) Socko,B (2617)-Salgado Lopez,I (2622) Wroclaw 2014}) 9. f3 (9. Ng3 $14) 9... Bh5 {The position is equal.} 10. Qh4 Bg6 11. Bxg6 fxg6 12. Nf4 Kf7 13. Qe1 Qd6 14. Rf2 (14. Nd3 $16) 14... Rhf8 (14... e5 $11 15. dxe5 Qxe5 16. Qxe5 Nxe5) 15. Re2 $36 {[%cal Rf4e6][%mdl 2048] White has the initiative.} Nd8 16. Na3 Qd7 17. Bd2 (17. Nc2 $16) 17... Bxa3 $1 $11 18. bxa3 Rc8 19. Nd3 {And now Ne5+ would win.} Rc6 $2 {[%mdl 8192]} (19... Qa4 $11) 20. Ne5+ $18 {[%mdl 64] [#] Double Attack} Kg8 21. Nxd7 {Accuracy: White = 58%, Black = 41%.} 1-0

[Event "Stay Safe Play From Home 300"]
[Site "Emanuel Lasker Arena"]
[Date "2020.07.13"]
[Round "7"]
[White "Ironmike"]
[Black "Chesstiger9"]
[Result "0-1"]
[WhiteElo "1874"]
[BlackElo "1981"]
[Annotator "TA"]
[PlyCount "40"]
[EventDate "2020.07.13"]
[EventType "swiss (blitz)"]
[WhiteTeam "SV Horst-Emscher I"]

{[%evp 14,40,29,0,32,-2,0,-11,-10,-27,-30,-34,-32,-61,-37,-47,-48,-66,-39,-395,-402,-390,-405,-607,-464,-738,-736,-29998,-29999]} 1. e4 c5 2. Nf3 e6 3. Nc3 a6 4. d4 cxd4 5. Nxd4 b5 6. a3 Qc7 7. Bd3 Bb7 8. O-O d6 {B43: Sicilian: Kan Variation: 5 Nc3.} 9. Kh1 Nf6 10. f4 Nbd7 {The position is equal.} 11. Nf3 Be7 12. Qe1 O-O 13. e5 Nd5 {[#]} (13... dxe5 {with more complications.} 14. Nxe5 Rad8 15. Bd2 h6 16. Rd1 Nc5) 14. Nxd5 $146 ({Predecessor:} 14. Bd2 dxe5 15. fxe5 Nxc3 16. Bxc3 Nc5 17. Be2 Rac8 18. Ba5 Qc6 19. Bb4 Qe4 20. Rc1 {½-½ (51) Gerigk,E (2280)-Warthmann,R (2165) Germany 1996}) 14... Bxd5 15. exd6 Bxd6 16. Bxh7+ $2 {[%mdl 8192] [#]} (16. Bd2 $15) 16... Kxh7 $19 17. Qh4+ Kg8 18. Ng5 (18. Nd4 $142) 18... Nf6 19. b3 (19. c3 $142) 19... Qxc2 {[%csl Gd5][%cal Rc2g2][%mdl 64] [#] Double Attack} 20. Rf2 Qd1+ {White got outplayed after the opening. Accuracy: White = 36%, Black = 88%.} 0-1

[Event "Stay Safe Play From Home 300"]
[Site "Emanuel Lasker Arena"]
[Date "2020.07.13"]
[Round "7"]
[White "Lucknow"]
[Black "Robk"]
[Result "1-0"]
[WhiteElo "1819"]
[BlackElo "1542"]
[Annotator "NA RC"]
[PlyCount "69"]
[EventDate "2020.07.13"]
[EventType "swiss (blitz)"]

1. d4 {[%emt 0:00:13]} e6 {[%emt 0:00:02] Lucknow bietet Remis} 2. c4 {[%emt 0:00:07]} c5 {[%emt 0:00:02]} 3. d5 {[%emt 0:00:01]} exd5 {[%emt 0:00:02]} 4. cxd5 {[%emt 0:00:01]} d6 {[%emt 0:00:02]} 5. Nc3 {[%emt 0:00:00] Lucknow bietet Remis} Nf6 {[%emt 0:00:04]} 6. Nf3 {[%emt 0:00:01]} Be7 {[%emt 0:00:01]} 7. e4 {[%emt 0:00:01]} Nbd7 {[%emt 0:00:01]} 8. Be2 {[%emt 0:00:01]} O-O {[%emt 0:00:01]} 9. O-O {[%emt 0:00:00]} Ne5 {[%emt 0:00:03]} 10. Qc2 {[%emt 0:00:00]} Nxf3+ {[%emt 0:00:09]} 11. Bxf3 {[%emt 0:00:01]} Nd7 {[%emt 0:00:01]} 12. Be2 {[%emt 0:00:01]} Ne5 {[%emt 0:00:01]} 13. Bf4 {[%emt 0:00:01]} Bf6 {[%emt 0:00:03]} 14. Bg3 {[%emt 0:00:01]} h6 {[%emt 0:00:02]} 15. f4 {[%emt 0:00:02]} Ng6 {[%emt 0:00:05]} 16. Kh1 {[%emt 0:00:00]} Bd7 {[%emt 0:00:02]} 17. Bf3 {[%emt 0:00:03]} Rc8 {[%emt 0:00:05]} 18. Rae1 {[%emt 0:00:03]} b5 {[%emt 0:00:02]} 19. e5 {[%emt 0:00:01]} dxe5 {[%emt 0:00:02]} 20. fxe5 {[%emt 0:00:01]} Bg5 {[%emt 0:00:14]} 21. e6 {[%emt 0:00:03]} fxe6 {[%emt 0:00:04]} 22. dxe6 {[%emt 0:00:00]} Bc6 {[%emt 0:00:04]} 23. Bxc6 {[%emt 0:00:14]} Rxc6 {[%emt 0:00:02]} 24. Qxg6 {[%emt 0:00:04]} a6 {[%emt 0:00:27]} 25. Rxf8+ {[%emt 0:00:09]} Qxf8 {[%emt 0:00:02]} 26. Ne4 {[%emt 0:00:01]} Be7 {[%emt 0:00:03]} 27. h3 {[%emt 0:00:08]} c4 {[%emt 0:00:02]} 28. Kh2 {[%emt 0:00:21]} b4 {[%emt 0:00:01]} 29. Re2 {[%emt 0:00:01]} c3 {[%emt 0:00:01]} 30. bxc3 {[%emt 0:00:01]} bxc3 {[%emt 0:00:01]} 31. Rf2 {[%emt 0:00:00]} Qd8 {[%emt 0:00:04]} 32. Qf7+ {[%emt 0:00:03]} Kh7 {[%emt 0:00:04]} 33. Be5 {[%emt 0:00:07]} Bf8 {[%emt 0:00:09]} 34. Nf6+ {[%emt 0:00:05]} Kh8 {[%emt 0:00:03]} 35. Qg8# {[%emt 0:00:01] (Lag: Av=0.53s, max=0.9s)} 1-0

[Event "Stay Safe Play From Home 300"]
[Site "Emanuel Lasker Arena"]
[Date "2020.07.13"]
[Round "7"]
[White "Tunca"]
[Black "Klasman"]
[Result "1-0"]
[WhiteElo "1658"]
[BlackElo "1536"]
[Annotator "NA RC"]
[PlyCount "45"]
[EventDate "2020.07.13"]
[EventType "swiss (blitz)"]

1. e4 {[%emt 0:00:06]} f5 {[%emt 0:00:01]} 2. exf5 {[%emt 0:00:10]} Nf6 {[%emt 0:00:03]} 3. Nf3 {[%emt 0:00:02]} d5 {[%emt 0:00:01]} 4. d4 {[%emt 0:00:01]} Bxf5 {[%emt 0:00:01]} 5. Nc3 {[%emt 0:00:01]} e6 {[%emt 0:00:01]} 6. Bd3 {[%emt 0:00:06]} Bg4 {[%emt 0:00:03]} 7. O-O {[%emt 0:00:05]} Bd6 {[%emt 0:00:03]} 8. Re1 {[%emt 0:00:02]} O-O {[%emt 0:00:02]} 9. Be2 {[%emt 0:00:33]} Nc6 {[%emt 0:00:09]} 10. Bg5 {[%emt 0:00:09]} h6 {[%emt 0:00:08]} 11. Bh4 {[%emt 0:00:01]} g5 {[%emt 0:00:02]} 12. Bg3 {[%emt 0:00:01]} Bxg3 {[%emt 0:00:02]} 13. hxg3 {[%emt 0:00:00]} Ne4 {[%emt 0:00:09]} 14. Rf1 {[%emt 0:00:23]} Bxf3 {[%emt 0:00:15]} 15. Bxf3 {[%emt 0:00:02]} Nxc3 {[%emt 0:00:11]} 16. bxc3 {[%emt 0:00:00]} Qf6 {[%emt 0:00:04]} 17. Qe2 {[%emt 0:00:06]} Rae8 {[%emt 0:00:02]} 18. Rab1 {[%emt 0:00:02]} e5 {[%emt 0:00:01]} 19. Bxd5+ {[%emt 0:00:08]} Kg7 {[%emt 0:00:01]} 20. Rxb7 {[%emt 0:00:05]} exd4 {[%emt 0:00:05]} 21. Rxc7+ {[%emt 0:00:01]} Kh8 {[%emt 0:00:10]} 22. Qd3 {[%emt 0:00:07]} Ne5 {[%emt 0:00:04]} 23. Qh7# {[%emt 0:00:01] (Lag: Av=0.50s, max=0.6s)} 1-0

[Event "Stay Safe Play From Home 300"]
[Site "Emanuel Lasker Arena"]
[Date "2020.07.13"]
[Round "8"]
[White "Mepe_Nika"]
[Black "AChessPlayer"]
[Result "1-0"]
[WhiteElo "2409"]
[BlackElo "2308"]
[Annotator "TA"]
[PlyCount "103"]
[EventDate "2020.07.13"]
[EventType "swiss (blitz)"]

{[%evp 9,103,27,41,36,37,43,45,35,58,53,59,60,50,60,62,42,36,32,32,30,70,36,63,59,104,97,100,41,42,40,56,28,31,0,23,18,29,19,28,25,27,27,97,20,20,20,20,6,20,0,4,5,0,0,87,70,87,87,100,6,0,0,0,0,43,49,47,0,0,-224,-201,-162,-29,-1074,0,-546,-422,-5377,-5326,-4134,-1888,-29989,-29990,-29991,-29992,-29993,-29994,-29994,-29993,-29993,-29994,-29996,-29997,-29997,-29996,-29996]} 1. e4 d6 2. d4 Nf6 3. Nc3 Nbd7 4. Nge2 e5 5. g3 b5 6. Nxb5 {B07: Pirc Defence: Miscellaneous Systems.} Nxe4 7. Bg2 Bb7 $1 8. O-O {White is slightly better.} a6 9. Nbc3 Nxc3 $1 10. Nxc3 Bxg2 11. Kxg2 Be7 12. Nd5 O-O {[#]} 13. Re1 $146 ({Predecessor:} 13. b3 exd4 14. Qxd4 Bf6 15. Nxf6+ Qxf6 16. Qxf6 Nxf6 17. Bb2 Nd7 18. Rad1 Rfe8 19. Rfe1 {½-½ (67) Fernandes,A (2443)-Hasman,C (2161) Lisbon 2018}) 13... Bf6 14. Be3 e4 15. c4 c6 16. Nc3 $1 Re8 17. Qc2 $1 Qe7 18. Bf4 ({Better is} 18. Bd2 $16) 18... Bxd4 $14 19. Rxe4 Be5 20. Bxe5 dxe5 21. Rd1 Nc5 22. Re2 a5 23. Ne4 Rad8 24. Nxc5 Qxc5 25. b3 h5 {[#]} (25... Rxd1 $11 {remains equal.} 26. Qxd1 g6) 26. h4 (26. Rxd8 $1 $16 Rxd8 27. Qf5) 26... Rxd1 $11 27. Qxd1 {[%mdl 4096] Endgame KQR-KQR} e4 28. Re3 Qf5 29. Qd6 Re6 $1 {[%cal Re6d6]} 30. Qd4 Kh7 31. a3 c5 (31... Qg4 $11) 32. Qd8 Rf6 33. Qd2 Qe5 34. Qe2 (34. Qxa5 $16 {And now Qe1 would win.} Qb2 35. Qe1) 34... Re6 35. Kh2 g6 36. Qe1 f5 37. Qxa5 f4 38. Re1 e3 {[%mdl 64] aiming for ...Qd6. Overworked Piece} 39. fxe3 $2 (39. Qd8 $11 {and White stays safe.}) 39... fxg3+ $19 40. Kg1 {[#]} Rf6 (40... Re7 $1 $19 {( -> ...Qb2)} 41. Qd2 Qe6) 41. Qd2 $2 {[%mdl 8192]} (41. Qd8 $11) 41... Qe6 $2 (41... Qf5 $19 42. Rc1 Qf3) 42. Qd5 $2 {[%mdl 8192]} (42. Qg2 $11) 42... Qh3 {[%csl Gg3][%cal Rh3h2]} 43. Qb7+ (43. Qg2 $142 Qxh4 44. Qh1) 43... Kh6 {[%csl Gg3][%cal Rh3h2]} 44. Qg2 Qxh4 45. e4 Rf2 {Black mates.} 46. Re2 Rxg2+ 47. Kxg2 {KQ-KR} Qf4 48. e5 h4 49. e6 Qg4 50. Re4 Qxe4+ 51. Kf1 Qh1+ 52. Ke2 {[%mdl 32768] Accuracy: White = 58%, Black = 74%. . Sensor Board Error (Ke4/e5)?} 1-0